000
00374nam a2200133Ia 4500
008
100328s9999 xx 000 0 und d
082
_b
32321
100
_a
माडगूळकर ग. दि.
245
_a
चैत्रबन
260
_b
देशमुख आणि कं.
630
_a
चैत्रबन
730
_a
चैत्रबन
942
_c
BOOK
999
_c
523117
_d
523114